000 00552nam a2200217Ia 4500
003 OSt
005 20220928145724.0
006 a|||||r|||| 00| 0
007 ta
008 220927b |||||||| |||| 00| 0 eng d
024 _a82671
037 _cTextual
040 _aSDCL
_cSDCL
_beng
041 _2eng
_aeng
082 _aXxM18, E4
100 _aCroce Benedetto
245 0 _aHistorical materialism and the economics of Karl Marx.
260 _c1914
942 _hXxM18, E4
_cTEXL
_2CC
999 _c835260
_d835260